| 000 | 00659cam a2200181 4500 | ||
|---|---|---|---|
| 001 | WS116374 | ||
| 008 | 020117n 000 0 eng u | ||
| 035 | _a(Sirsi) u116374 | ||
| 110 |
_aCompany of Management Consultants _94186 |
||
| 245 | _aCompany of Management Consultants | ||
| 520 | _aWeb site for this City of London guidl for management consultants. Includes a directory of members. | ||
| 650 | _aORGANISATION | ||
| 650 | _aGUILD | ||
| 650 |
_aManagement consultancy _96255 |
||
| 690 | _aMANAGEMENT-BUSINESS MANAGEMENT-PROFESSIONAL PRACTICE | ||
| 856 | 4 | 0 |
_uhttps://www.comc.org.uk _zView the website free of charge at www.comc.org.uk... |
| 942 | _n0 | ||
| 999 |
_c119985 _d119985 |
||